Ronald H. Coase - liberálny mysliteľ

Krátky životopis a filozofia uznávaného ekonóma a nositeľa Nobelovej ceny za ekonómiu Ronalda H. Coase-ho.Analýza podstaty práva ako ekonomickej inštitúcie.Najvýznamnejšie teoretické diela: Podstata firmy a Problém spoločenských nákladov. Teória transakčných nákladov. Vzťah ekonomického a právneho s...

Descripción completa

Guardado en:
Detalles Bibliográficos
Autor principal: Poliak, Ján
Formato: Capítulo de libro
Lenguaje:eslovaco
Materias:
Etiquetas: Agregar Etiqueta
Sin Etiquetas, Sea el primero en etiquetar este registro!

MARC

LEADER 00000naa$a2200000$$$4500
001 0025250
005 20231009070222.8
041 0 |a slo 
044 |a SK 
245 1 0 |a Ronald H. Coase - liberálny mysliteľ  |c Ján Poliak 
520 |a Krátky životopis a filozofia uznávaného ekonóma a nositeľa Nobelovej ceny za ekonómiu Ronalda H. Coase-ho.Analýza podstaty práva ako ekonomickej inštitúcie.Najvýznamnejšie teoretické diela: Podstata firmy a Problém spoločenských nákladov. Teória transakčných nákladov. Vzťah ekonomického a právneho systému.Zakladateľ odborného časopisu Journal of law and economics, ktorý vychádza dodnes. 
610 2 0 |a ekonómovia 
610 2 0 |a teórie ekonomické 
610 2 0 |a systémy právne 
610 2 0 |a systémy ekonomické 
610 2 0 |a náklady transakčné 
610 2 0 |a Nobelova cena 
610 2 0 |a Coase, R.H. 
100 1 |a Poliak, Ján